| 000 | 00773nam a2200241Ia 4500 | ||
|---|---|---|---|
| 003 | OSt | ||
| 005 | 20220927105445.0 | ||
| 006 | a|||||r|||| 00| 0 | ||
| 007 | ta | ||
| 008 | 220926b |||||||| |||| 00| 0 eng d | ||
| 024 | _a170128 | ||
| 037 | _cReference Collections | ||
| 040 |
_aRTL _cRTL _beng |
||
| 041 |
_2eng _aeng |
||
| 082 | _a"X9 (c6).2, N92 - N91, N2" | ||
| 110 |
_a"india, Central electro chemical research Institute Karaikueli." _9372673 |
||
| 245 | 0 | _a"Annual Report, 1991-92." | |
| 260 |
_aIndia _bCECRInstitute _c1991 |
||
| 300 |
_a100p. _ccm. |
||
| 700 |
_a"india, Central electro chemical research Institute Karaikueli." _9372674 |
||
| 942 |
_h"X9 (c6).2, N92 - N91, N2" _cCC |
||
| 999 |
_c692657 _d692657 |
||